PC projects for human resource management /

Introduction to PC projects. HR planning at Eastern development enterprises. Recruitment at Hermes corporation. Equal employment opportunity and workforce management at Midlantic telecommunications company. Validating selection procedures at Dashway department stores...

Đã lưu trong:
Bibliografiske detaljer
Hovedforfatter: Beutell, Nicholas J.
Format: Bog
Sprog:English
Udgivet: St. Paul, MN : West, 1996.
Udgivelse:3rd ed.
Fag:
Tags: Tilføj Tag
Ingen Tags, Vær først til at tagge denne postø!
Thư viện lưu trữ: Mạng thư viện Đại học Đà Nẵng
LEADER 01160cam a2200349 i 4500
001 000047525
003 7211
005 20030312151414.0
008 010320|1996 vm 000 eng
020 |a 0314071350 
040 |a IRC  |c IRC  |d IRC 
041 0 |a eng 
082 1 4 |a 658.3002854165  |b BE-N 
100 1 |a Beutell, Nicholas J. 
245 0 0 |a PC projects for human resource management /  |c Nicholas J. Beutell. 
250 |a 3rd ed. 
260 |a St. Paul, MN :  |b West,  |c 1996. 
300 |a ix, 275 p. ;  |c 25.5cm. 
520 3 |a Introduction to PC projects. HR planning at Eastern development enterprises. Recruitment at Hermes corporation. Equal employment opportunity and workforce management at Midlantic telecommunications company. Validating selection procedures at Dashway department stores... 
630 0 4 |a Management. 
630 0 4 |a Data processing. 
650 0 4 |a Personnel management  |x Data processing. 
OWN |a DUT 
999 |a From the UDN01 
TYP |a Monograph 
TYP |a Printed language 
980 |a Mạng thư viện Đại học Đà Nẵng